Alphanumeric Answers - Statistics

General Stats
  • This quiz has been taken 25,126 times
    24,714 since last reset
  • The average score is 12 of 21
Answer Stats
Hint Answer % Correct
The second-highest mountain on Earth K2
91%
Irish rock band fronted by Bono U2
86%
Police dog unit K9
84%
Waste product of cellular respiration exhaled by humans CO2
83%
Widely used Soviet assault rifle designed in 1947 AK-47
82%
Consists of Canada, France, Germany, Italy, Japan, the UK, and the USA G7
74%
Sony's most recent game console, released in 2020 PS5
74%
International standard paper size measuring 210 mm × 297 mm A4
71%
Foreign intelligence service of the UK MI6
70%
Type of car engine, or a brand of vegetable juice V8
67%
"Top quality", or a popular steak sauce brand A1
60%
Plastic explosive introduced in 1954 and used in the movie "Die Hard" C-4
59%
Vitamin, also known as cobalamin, involved in metabolism B12
53%
Lossy compressed audio format that remains a de facto standard MP3
53%
Popular Ford pickup truck introduced in 1975 F-150
42%
Video game console released by Nintendo in 1996 N64
41%
British reggae band known for "Red Red Wine" UB40
36%
The strongest category of tornado F5
35%
American strategic bomber officially named the Stratofortress B-52
34%
Airplane flown in "Top Gun", nicknamed the Tomcat F-14
28%
Liquid-metal antagonist from "Terminator 2: Judgment Day" T-1000
24%
No matching quizzes found
Score Distribution
Percent of People with Each Score
Percentile by Number Answered
Your Score History
You have not taken this quiz since the last reset